00606nam a2200157Ia 4500003000400000005001700004008004100021040001800062041000800080100005500088245011600143260003800259942001300297999001900310952011900329OSt20260120143205.0211028s2014 xx 000 0 und d cAIMIT LIBRARY aeng aJunidh, Mohammed; Shetty,Prathibha.g121606897182 aStudy on the factors affecting the buying motives of Hyundai on car with special reference to popular Hyundai / aMangalurubPrathibha Shettyc2014 2ddccPRO c218752d218752 00102ddc40718PR_MBAaAIMITbAIMITd2021-10-28eMBAl0pPRB00835r2021-10-28 00:00:00t1216068w2021-10-28yPRO